| 000 | 01348cab a2200217 4500 | ||
|---|---|---|---|
| 001 | ##L134629 | ||
| 008 | 060821n2006 000 0 eng u | ||
| 035 | _a(Sirsi) u134629 | ||
| 041 | 0 | _aeng | |
| 100 | 1 | _aFox, Owen | |
| 245 | 0 | 4 | _aThe Contracts (Rights of Third Parties) Act revised |
| 260 | _c2006 | ||
| 490 | 0 |
_aContract Journal _v434(6587) 9 August 2006, 17(1) |
|
| 520 | _aExamines how the provisions of the Contracts (Rights of Third Parties) Act 1999 can be used to avoid the difficulties and inconveniences caused in the past by the need to issue collateral warranties. The Act confers on certain third parties the right to rely upon, and benefit from, the terms of a contract to which they were not a party. After an initial period of scepticism in the construction industry, the 2005 JCT Standard Building Contract now utilises the provisions of the Act, removing the additional administrative burden associated with the provision of warranties, and the temptation for warranty providers and beneficiaries to individually negotiate terms. | ||
| 590 | _aIKA220806 | ||
| 650 | 2 | 4 | _aCONTRACTS (RIGHTS OF THIRD PARTIES) ACT 1999 |
| 650 | 2 | 4 | _aJCT STANDARD BUILDING CONTRACT (2005 EDITION) |
| 651 | 4 |
_aEngland and Wales _y1543- |
|
| 690 | _aBUILT ENVIRONMENT-CONSTRUCTION MANAGEMENT-BUILDING CONTRACT ADMINISTRATION | ||
| 942 | _n0 | ||
| 999 |
_c77600 _d77600 |
||